| 000 | 00553nam a2200217Ia 4500 | ||
|---|---|---|---|
| 003 | OSt | ||
| 005 | 20250416150607.0 | ||
| 008 | 241129s9999||||xx |||||||||||||| ||und|| | ||
| 020 | _a9789352755219 | ||
| 040 |
_aSDCL _beng _cSDCL |
||
| 041 |
_aeng _2eng |
||
| 084 |
_aS1 R2 LR _qSDCL |
||
| 100 |
_aDami, Elisabetta _9394822 |
||
| 245 | 0 |
_aGeronimo Stilton : _bCyber-Thief showdown |
|
| 260 |
_aNew York : _bScholastic, _c2022. |
||
| 300 | _a107p. | ||
| 365 |
_aINR _b350 |
||
| 650 | _aReference | ||
| 942 |
_cGB _2CC _n0 |
||
| 999 |
_c1232120 _d1232120 |
||